| 000 | 00778nam a22002175i 4500 | ||
|---|---|---|---|
| 001 | 171725 | ||
| 003 | ES-MaACL | ||
| 005 | 20230906214718.0 | ||
| 008 | 090527s1959 sp |||| | spa d | ||
| 080 | _a799.2(02) | ||
| 100 | 1 |
_aSoler Lluch, Juan. _9140363 |
|
| 245 | 1 | 0 |
_aDidáctica cinegética _b: tratado de caza menor / _cpor Thaleka [seud.] ; transcripción de Juan Soler Lluch ; prólogo del Ilmo. don Joaquín España Cantos. |
| 260 |
_aBarcelona : _bPulide, _c[1959] |
||
| 300 |
_a319 p., 18 h. de lám. : _bil. ; _c20 cm. |
||
| 490 | 1 |
_aBiblioteca Cinegética ; _v1 |
|
| 650 | 4 |
_aCaza. _910857 |
|
| 700 | 1 |
_aEspaña Cantos, Joaquín. _947758 |
|
| 830 | 0 |
_aBiblioteca Cinegética ; _v1 _9223208 |
|
| 852 |
_aES-MaACL _jC-17253 _9R.45620 |
||
| 999 |
_c171725 _d171725 |
||